10 Movies of 1952 - Statistics

General Stats
  • This quiz has been taken 8 times
  • The average score is 2 of 10
Answer Stats
Hint Answer % Correct
With an outlaw returning, a marshal must confront danger alone as the clock ticks toward noon. High Noon
86%
*A bureaucrat tries to find meaning in his life after he discovers he has terminal cancer. * Ikiru
29%
Hollywood's transition from silent films to 'talkies' causes chaos for a movie studio, while a charming actor and his friends navigate the challenges of the changing industry Singin' in the Rain
29%
* An elderly pensioner faces eviction and fakes illness to secure shelter for himself and his dog.* Umberto D.
14%
Ambulance driver Frank Jessup is ensnared in the schemes of the sensuous but dangerous Diane Tremayn Angel Face
0%
* After a personal tragedy, a wealthy woman dedicates herself to helping the poor, challenging her role in society. * Europe '51
0%
*Two children in wartime France cope with loss by creating a secret world of burial rituals. * Forbidden Games
0%
A fading music hall comedian reflects on his past while helping a young dancer find her path. Limelight
0%
A Hollywood producer's rise and fall is recounted by those he ruthlessly used. The Bad and the Beautiful
0%
* In feudal Japan, a woman’s life unravels after falling from grace due to forbidden love. * The Life of Oharu
0%
No matching quizzes found
Score Distribution
Percent of People with Each Score
Percentile by Number Answered
Your Score History
You have not taken this quiz